00330nam a2200121Ia 450000500170000000800410001708200130005810000220007124500210009326000400011430000210015450000330017520250429093446.0240331s9999 xx 000 0 und d a294bVEN aVenkataswamy, M.S 0aBuddhrin vralaru aChennaibSanthiya Pathippagamc2001 a144 p ., ( B 1 ) aPutharin Varalaru patriyathu